| 000 | 00467nam a2200193Ia 4500 | ||
|---|---|---|---|
| 008 | 170918s9999 xx 000 0 und d | ||
| 020 | _a9781846650710 | ||
| 050 | _bW454 2006 | ||
| 100 | _aWells, H. G. | ||
| 245 | 4 | _aThe invisible man / | |
| 245 | _cby H. G. Wells. | ||
| 260 | _aLondon : | ||
| 260 | _bCharrles Baker Ltd., | ||
| 260 | _c2006 | ||
| 300 | _a94 pages : | ||
| 300 | _billustrations ; | ||
| 300 | _c22cm. | ||
| 300 | _eCharles baker classics. | ||
| 999 |
_c343330 _d343330 |
||